00696nam a2200205 a 450000100100000000500170001000800410002702000150006804000250008308200160010810000240012424501080014826000340025630000280029050000570031850400320037570000280040770000310043570000240046600004900220201002061559.0190712s2000 dr a r 000 0 spa d a9993452017 aDO-SdBNPbspacBNPHU axxxxbA197c1 aAdames Franco, Yoel10aCampeones de oro /cYoel Adames Franco; colaboradores Daniel Grimaldi, Franklin Núñez, Daniel Soto. aSanto Domingo :bs.n.,c2000. a246 p. :bil. ;c21 cm. aIncluye datos biográficos del autor en las solapas aBibliografía : p. 238-2391 aGrimaldi, Daniel,ecol.1 aNúñez, Franklin,ecol.1 aSoto, Daniel,ecol.